Russia A level - Statistics

General Stats
  • This quiz has been taken 22 times
  • The average score is 10 of 35
Answer Stats
Hint Answer % Correct
Name of the monk who helped run government when Tsar was away Rasputin
92%
What year did the Tsar make himself commander-in-chief of the army? 1915
77%
Who does Lenin speak badly of in his Testament Stalin
62%
What year did Lenin die? 1924
46%
Man who was a member of both... Kerensky
46%
Military commander which attempted a coup Kornilov
46%
What year was this? 1921
38%
Which party was banned in 1921? Mensheviks
38%
One branch of the Dual Authority set up after Revolution Provisional Government
38%
Who was head of the Red Army, despite no military experience Trotsky
38%
Percentage of the vote the Bolsheviks received in the elections to the constituent assembly 24
31%
Percentage of farms collectivised by 1941 99
31%
Name of battleship that was aimed at Winter Palace Aurora
31%
Name of rich peasants (Martin reckons they didn't exist) Kulaks
31%
Name of large steel factory built due to the Great Turn Magnitogorsk
31%
Slogan in Lenin's April Theses Peace, bread and land
31%
And another one... SRs
31%
Name of the workers from cities sent to the farms to "help increase efficiency" but were ultimately spies 25,000ers
23%
How many soldiers mutinied during the February Revolution? 66,000
23%
Name of peace treaty between Russia and Germany, taking them out of the war Brest Litovsk
23%
Name of soldiers that were in Petrograd often confused with answer above Cossacks
23%
Nickname of Stalin due to his 'dullness' Grey blur
23%
What did Stalin's first '5 year plan' focus on? Industrialisation
23%
And the other... Petrograd Soviet
23%
The name to describe Stalin, Kamenev and Zinoviev as a trio Triumvirate
23%
Lenin wanted a 'dictatorship of the...' Proletariat
15%
What is the event called when not enough industrial goods were being made and too much agricultural goods in 1923? Scissors Crisis
15%
How many soldiers rebelled in the 'The Kronstadt Uprising' 30,000
8%
What did Stalin's 2nd five year plan focus on Consumer goods
8%
Another name for a collective farm Kolkhoz
8%
and the third... war preparations
8%
how many people Russia lost as a result of this treaty 62 million
0%
Three main military officers of the White Army Kolchak, Yedenich and Denikin
0%
Name of body set up by Lenin to prepare for revolution Military Revolution Committee
0%
Name of the President of the Duma Rodzianko
0%
No matching quizzes found
Score Distribution
Percent of People with Each Score
Percentile by Number Answered
Your Score History
You have not taken this quiz